|
|
|
|
| LEADER |
00000nam a22000007a 4500 |
| 005 |
20220808223240.0 |
| 007 |
cr|||| |||| |
| 008 |
220808s2019 br |||||s|||| 00||0 por d |
| 020 |
|
|
|a 978-85-93741-60-9
|
| 035 |
|
|
|a 36787
|
| 040 |
|
|
|a vLex
|
| 090 |
|
|
|c 13669
|d 13669
|
| 100 |
1 |
|
|a Peri Guedes, Marco Aurelio
|
| 245 |
1 |
0 |
|a Estado e ordem econm̥ica e social
|h [Recurso electrn̤ico] :
|b A experin̊cia constitucional da Repb︢lica de Weimar e a Constituiȯ̂ Brasileira de 1934 /
|c Marco Aurelio Peri Guedes
|
| 250 |
|
|
|a 2da. Edicin̤
|
| 256 |
|
|
|a Servicio en ln̕ea
|
| 260 |
|
|
|a Rio de Janeiro:
|b Editora Processo,
|c 2019
|
| 300 |
|
|
|a 1 recurso electrn̤ico
|
| 500 |
|
|
|a O objetivo principal do livro ̌estudar a experin̊cia constitucional alem,̂ no pero̕do da Repb︢lica de Weimar, com vista a detectar o nascimento e o desenvolvimento dos Direitos Sociais, e compar-̀la com o constitucionalismo brasileiro de 1934. Ademais, o tema ̌interessants̕simo e pouco estudado no Brasil. Primeiro, porque a experin̊cia jurd̕ica alem ̂ ̌de difc̕il apreensô, pela barreira idiomt̀ica e pela dificuldade de acesso s̉ fontes bibliogrf̀icas. Em segundo lugar, porque os Direitos Sociais nô tm̊ sido objeto de preocupaȯ̂ dos juristas brasileiros, sendo capturados, na maioria das vezes, pelos socil̤ogos e cientistas polt̕icos. Com isso, verifica-se o mřito de Marco Aurelio, ao levantar a expressiva e atualizada bibliografia sobre o constitucionalismo alemô, e tambm̌ ao procurar compar-̀lo com a brasileira. Outro aspecto relevante do livro, ̌a pesquisa interdisciplinar. O autor nô se limitou a analisar o tema somente sob o aspecto jurd̕ico formal, uma vez que ele procurou abordar a questô tambm̌ sob a perspectiva econm̥ica, histr̤ica e sociolg̤ica. Entretanto, nô se deixou seduzir pelo sociologismo positivista, ou pela normatividade do ft̀ico.
|
| 506 |
1 |
|
|a Disponible solo en los productos indicados
|d vLex Global
|d vLex Global (Academic Edition, excluding Law Schools)
|d vLex Global (U.S. Academic Edition, Law Schools)
|d vLex Global (U.S. Academic Edition, excluding Law Schools)
|d vLex Global (Academic Edition, Law Schools)
|
| 650 |
0 |
4 |
|a Derecho Constitucional
|z Brasil
|
| 740 |
0 |
|
|a vLex Libros (Servicio en ln̕ea)
|
| 856 |
4 |
0 |
|u https://app.vlex.com/#/sources/36787
|z Acceso restringido
|
| 942 |
|
|
|c BOOK
|
| 999 |
0 |
|
|a Constitutional right
|